00447nam a2200121Ia 4500008004100000100002400041245013600065245002300201260000900224300002900233440004200262650002100304171207s9999 xx 000 0 und d aDwivedi, Amit Kumar 2aA Resilient Asia Amidst Global Financial Crisis: From Crisis Management to Global Leadership by Harinder S. Kohli and Ashok Sharma  cAmit Kumar Dwivedi c2017 apages 130-32, March 2017 aThe Journal of Entrepreneurshipv26:1 aFINANCIAL CRISIS